000
00234nam a22000857a 4500
008
160914b xxu||||| |||| 00| 0 eng d
100
_9
456
_a
Doshi. D.M
245
_a
General Knowledge Class-4
260
_a
New Delhi
_b
Cordova Publications
_c
2010
999
_c
3115
_d
3115